Chytrá města ovlivňují energetiku

Inteligentné budovy ako potenciál pre zníženie spotreby energie a emisií uhlíka. Príklady inteligentných budov v Helsinkách a Hanoji. Flexibilný systém projektu Hot Heart.

Na minha lista:
Detalhes bibliográficos
Autor principal: Sedláček, Karel
Formato: Capítulo de Livro
Idioma:tcheco
Assuntos:
Tags: Adicionar Tag
Sem tags, seja o primeiro a adicionar uma tag!

MARC

LEADER 00000naa a2200000 4500
001 0278357
005 20210908093457.0
041 0 |a cze 
044 |a CZ 
245 1 0 |a Chytrá města ovlivňují energetiku  |c Karel Sedláček 
520 |a Inteligentné budovy ako potenciál pre zníženie spotreby energie a emisií uhlíka. Príklady inteligentných budov v Helsinkách a Hanoji. Flexibilný systém projektu Hot Heart. 
610 2 0 |a energia 
610 2 0 |a ekológia 
610 2 0 |a mestá inteligentné 
610 2 0 |a budovy 
610 2 0 |a elektrina 
610 2 0 |a prostredie životné 
610 2 0 |a spotreba energie 
100 1 |a Sedláček, Karel